Largest Cities in the Maghreb on a Map - Statistics

General Stats
  • This quiz has been taken 592 times
    301 since last reset
  • The average score is 15 of 25
Answers on the Map
Answers color-coded by a green-red scale on the quiz's map according to % correct below.
 
Answer Stats
Country Population City % Correct
Tunisia 599,368 Tunis
99%
Algeria 2,364,230 Algiers
98%
Morocco 3,359,818 Casablanca
98%
Morocco 577,827 Rabat
95%
Libya 1,063,571 Tripoli
94%
Morocco 928,850 Marrakech
91%
Morocco 1,112,072 Fez
90%
Morocco 947,952 Tangier
86%
Libya 618,325 Benghazi
81%
Mauritania 1,446,761 Nouakchott
81%
Algeria 803,329 Oran
79%
Tunisia 286,636 Sfax
66%
Morocco 421,844 Agadir
62%
Algeria 448,028 Constantine
53%
Morocco 525,092 Meknès
37%
Morocco 890,403 Salé
33%
Morocco 380,787 Tétouan
32%
Morocco 494,252 Oujda
31%
Algeria 342,703 Annaba
27%
Libya 290,316 Misrata
26%
Morocco 431,282 Kenitra
25%
Morocco 308,508 Safi
22%
Algeria 331,779 Blida
16%
Algeria 289,504 Batna
15%
Morocco 313,350 Témara
14%
No matching quizzes found
Score Distribution
Percent of People with Each Score
Percentile by Number Answered
Your Score History
You have not taken this quiz since the last reset